[Event "5. Bayer Open"]
[Site "Leverkusen"]
[Date "2008.01.14"]
[Round "1"]
[White "Heller, Helmut"]
[Black "Gutt, Oswald"]
[Result "0-1"]
[WhiteElo "1486"]
[BlackElo "1874"]
[PlyCount "84"]
[EventDate "2008.01.14"]
[EventType "swiss"]
[EventRounds "7"]
[EventCountry "GER"]
[Source "Birnkott,Manfre"]
[SourceDate "2008.04.23"]

1. d4 Nf6 2. Nf3 d5 3. c4 c6 4. cxd5 cxd5 5. Nc3 Nc6 6. a3 g6 7. Bf4 Bg7 8. e3
O-O 9. Qc2 Bf5 10. Bd3 Bxd3 11. Qxd3 Rc8 12. h3 e6 13. O-O Na5 14. Rab1 Nc4 15.
Rfc1 Nh5 16. Bh2 f5 17. Ne2 Qe7 18. Nf4 Nxb2 19. Qb3 Rxc1+ 20. Rxc1 Nxf4 21.
Qxb2 Nd3 22. Qc2 Nxc1 23. Qxc1 Qd7 24. Be5 Rc8 25. Qb2 Qc6 26. Qb3 a6 27. Bxg7
Kxg7 28. Ne5 Qb5 29. Qd1 Qb2 30. Qa4 Rc1+ 31. Kh2 Qb5 32. Qb4 Qxb4 33. axb4 Rb1
34. Nd3 b6 35. Kg3 Kf6 36. Kf3 a5 37. bxa5 bxa5 38. Nc5 g5 39. Ke2 Ke7 40. g4
Rh1 41. gxf5 exf5 42. Nb3 a4 0-1

[Event "5. Bayer Open"]
[Site "Leverkusen"]
[Date "2008.01.14"]
[Round "1"]
[White "Schimpf, Rolf"]
[Black "Buchfelder, Gerhard"]
[Result "1-0"]
[WhiteElo "1811"]
[BlackElo "1442"]
[PlyCount "67"]
[EventDate "2008.01.14"]
[EventType "swiss"]
[EventRounds "7"]
[EventCountry "GER"]
[Source "Birnkott,Manfre"]
[SourceDate "2008.04.23"]

1. c4 e5 2. Nc3 Nc6 3. g3 Nf6 4. Bg2 a6 5. e4 Bc5 6. d3 d6 7. h3 h6 8. Nge2 Be6
9. O-O Qd7 10. Kh2 O-O-O 11. a3 g5 12. b4 Bd4 13. Nxd4 Nxd4 14. Be3 Rdg8 15. a4
g4 16. h4 Nh5 17. Bxd4 exd4 18. Ne2 c5 19. bxc5 dxc5 20. Rb1 Kc7 21. a5 Rb8 22.
Rb6 Rhc8 23. Qd2 Rh8 24. Rfb1 Kc8 25. Qb2 Rh7 26. Rxa6 f6 27. Rb6 Ra8 28. a6
Ra7 29. e5 fxe5 30. axb7+ Kb8 31. Ra1 Ra4 32. Rxa4 Qxa4 33. Rxe6 Rxb7 34. Qxb7#
1-0

[Event "5. Bayer Open"]
[Site "Leverkusen"]
[Date "2008.01.14"]
[Round "1"]
[White "Balduan, Karl-Heinz"]
[Black "Speck, Stefan"]
[Result "0-1"]
[WhiteElo "1427"]
[BlackElo "1921"]
[PlyCount "98"]
[EventDate "2008.01.14"]
[EventType "swiss"]
[EventRounds "7"]
[EventCountry "GER"]
[Source "Birnkott,Manfre"]
[SourceDate "2008.04.23"]

1. d4 d5 2. Bf4 Nf6 3. e3 g6 4. c3 Bg7 5. Nd2 O-O 6. Bd3 b6 7. Ne2 Bb7 8. O-O
Nbd7 9. Nf3 c5 10. Ng3 Ne4 11. Ne2 f6 12. Ne1 e5 13. Bg3 Nxg3 14. hxg3 e4 15.
Bb1 f5 16. a3 Nf6 17. Nf4 Qe8 18. Ba2 g5 19. Nh3 h6 20. f3 exf3 21. gxf3 Qxe3+
22. Kh2 Rfe8 23. Ng2 Qe7 24. Qd3 cxd4 25. Rae1 Qd7 26. cxd4 Rxe1 27. Rxe1 Re8
28. Re5 Bc8 29. Nf2 Qc7 30. Rxe8+ Nxe8 31. Bxd5+ Kh8 32. b3 Qd6 33. Bf7 Nc7 34.
d5 Be5 35. f4 gxf4 36. gxf4 Bxf4+ 37. Kg1 Bg5 38. b4 Bd7 39. Nh3 Qf6 40. Bh5
Qa1+ 41. Kh2 Qe5+ 42. Kg1 Nxd5 43. Nxg5 hxg5 44. Bf7 Be6 45. Bh5 Kg7 46. Qa6
Kh6 47. Be8 Nf4 48. Qf1 Nh3+ 49. Kh1 Bd5 0-1

[Event "5. Bayer Open"]
[Site "Leverkusen"]
[Date "2008.01.14"]
[Round "1"]
[White "Hobusch, Alexander"]
[Black "van Hove, Ode"]
[Result "1-0"]
[WhiteElo "2041"]
[BlackElo "1387"]
[PlyCount "41"]
[EventDate "2008.01.14"]
[EventType "swiss"]
[EventRounds "7"]
[EventCountry "GER"]
[Source "Birnkott,Manfre"]
[SourceDate "2008.04.23"]

1. d4 Nf6 2. Nf3 d5 3. c4 c6 4. e3 e6 5. Nbd2 Bd6 6. b3 O-O 7. Bb2 Nbd7 8. Bd3
Re8 9. Ne5 Bc7 10. f4 dxc4 11. bxc4 Ba5 12. O-O Nb6 13. Ndf3 h6 14. g4 Nh7 15.
Nxf7 Qe7 16. N3e5 Nd7 17. Bxh7+ Kxh7 18. Qd3+ Kg8 19. Qg6 Nf8 20. Nxh6+ Kh8 21.
Nef7+ 1-0

[Event "5. Bayer Open"]
[Site "Leverkusen"]
[Date "2008.01.14"]
[Round "1"]
[White "Beinert, Katharina"]
[Black "Birnkott, Manfred"]
[Result "0-1"]
[WhiteElo "1382"]
[BlackElo "1944"]
[PlyCount "74"]
[EventDate "2008.01.14"]
[EventType "swiss"]
[EventRounds "7"]
[EventCountry "GER"]
[Source "Birnkott,Manfre"]
[SourceDate "2008.04.23"]

1. d4 d5 2. c4 e6 3. Nc3 c6 4. Nf3 Nf6 5. e3 Bd6 6. b3 Nbd7 7. Bd3 e5 8. dxe5
Nxe5 9. Nxe5 Bxe5 10. Bb2 O-O 11. Qc2 Re8 12. Ne2 Qa5+ 13. Kf1 dxc4 14. Bxc4
Bxb2 15. Qxb2 Bf5 16. Ng3 Bg6 17. Rd1 Rad8 18. Ke2 Nd5 19. Bxd5 Rxd5 20. Rxd5
Qxd5 21. Qd2 Qb5+ 22. Ke1 Qb6 23. h4 Rd8 24. Qc1 Qb4+ 25. Ke2 Qg4+ 26. Ke1 Qb4+
27. Ke2 Bd3+ 28. Kf3 f5 29. e4 fxe4+ 30. Kg4 e3+ 31. f4 Qe7 32. Re1 e2 33. Kf3
Qxh4 34. Nxe2 Bg6 35. g3 Qh5+ 36. Kf2 Qh2+ 37. Ke3 Rd3# 0-1

[Event "5. Bayer Open"]
[Site "Leverkusen"]
[Date "2008.01.14"]
[Round "1"]
[White "von Oppenkowski, Roman"]
[Black "Herrmann, Christoph"]
[Result "0-1"]
[WhiteElo "1325"]
[BlackElo "1842"]
[PlyCount "66"]
[EventDate "2008.01.14"]
[EventType "swiss"]
[EventRounds "7"]
[EventCountry "GER"]
[Source "Birnkott,Manfre"]
[SourceDate "2008.04.23"]

1. e4 c5 2. Nf3 d6 3. c3 Nf6 4. d3 e6 5. Bg5 Be7 6. Nbd2 Nc6 7. Be2 O-O 8. O-O
b6 9. Qc2 Bb7 10. a3 Rc8 11. Rac1 Qc7 12. Rfe1 Rfd8 13. Bf1 Ne5 14. Nxe5 dxe5
15. Nf3 Rd7 16. Rcd1 Rcd8 17. h3 Kf8 18. Bh4 Nh5 19. Bxe7+ Kxe7 20. g3 Nf6 21.
Re3 b5 22. Be2 c4 23. Nd2 cxd3 24. Bxd3 a6 25. f3 g5 26. b4 h5 27. Kg2 g4 28.
h4 gxf3+ 29. Kxf3 Ng4 30. Nf1 f5 31. Ree1 fxe4+ 32. Bxe4 Rf8+ 33. Kg2 Rf2+ 0-1

[Event "5. Bayer Open"]
[Site "Leverkusen"]
[Date "2008.01.14"]
[Round "1"]
[White "Ziabari, Morteza"]
[Black "Hingst, Dieter Max Otto"]
[Result "1/2-1/2"]
[WhiteElo "1807"]
[BlackElo "986"]
[PlyCount "92"]
[EventDate "2008.01.14"]
[EventType "swiss"]
[EventRounds "7"]
[EventCountry "GER"]
[Source "Birnkott,Manfre"]
[SourceDate "2008.04.23"]

1. e4 e5 2. Nf3 Nc6 3. d4 d5 4. dxe5 dxe4 5. Qxd8+ Nxd8 6. Nd4 a6 7. Bf4 Ne6 8.
Nxe6 fxe6 9. Nc3 Bb4 10. Bd2 Bxc3 11. Bxc3 b5 12. Be2 Ne7 13. O-O Nd5 14. Bd2
Bb7 15. f4 O-O-O 16. c4 bxc4 17. Bxc4 e3 18. Bxd5 Rxd5 19. Bxe3 a5 20. Rac1 Ba6
21. Rfd1 Rhd8 22. Rxd5 Rxd5 23. Kf2 a4 24. Rc2 Rd1 25. Bb6 Rb1 26. Bxc7 Rf1+
27. Kg3 Bd3 28. Rc3 Bf5 29. b4 h5 30. b5 h4+ 31. Kxh4 Rxf4+ 32. Kg3 Rg4+ 33.
Kf2 Rf4+ 34. Ke2 Bg4+ 35. Ke1 Re4+ 36. Kf2 Re2+ 37. Kg3 Bf5 38. b6 Kb7 39. Ra3
Bc2 40. Kf3 Re4 41. g3 Re1 42. h4 Ra1 43. Kf4 Rf1+ 44. Kg5 Rf5+ 45. Kg6 Rxe5+
46. Kxg7 Re4 1/2-1/2

[Event "5. Bayer Open"]
[Site "Leverkusen"]
[Date "2008.01.14"]
[Round "1"]
[White "Azimi, Reza"]
[Black "Gnass, Arno"]
[Result "0-1"]
[WhiteElo "1321"]
[BlackElo "1639"]
[PlyCount "96"]
[EventDate "2008.01.14"]
[EventType "swiss"]
[EventRounds "7"]
[EventCountry "GER"]
[Source "Birnkott,Manfre"]
[SourceDate "2008.04.23"]

1. e4 e5 2. Nf3 Nf6 3. Bc4 Nxe4 4. O-O d5 5. Bb3 Nc6 6. a3 Bc5 7. d3 Nf6 8. Bg5
O-O 9. Nc3 e4 10. dxe4 dxe4 11. Nxe4 Qxd1 12. Nxf6+ gxf6 13. Raxd1 fxg5 14.
Nxg5 Bf5 15. Rd5 Bxa3 16. Rxf5 Bxb2 17. Rxf7 Rxf7 18. Nxf7 Kg7 19. Ng5 Nd4 20.
Rd1 a5 21. Ne6+ Nxe6 22. Bxe6 a4 23. Rd7+ Kf6 24. Ba2 Re8 25. g3 Re1+ 26. Kg2
Ra1 27. Bc4 Be5 28. Rxh7 a3 29. Rh8 Rc1 30. Bb3 Ke7 31. Ra8 Bd6 32. h4 Kf6 33.
Kf3 b5 34. Kg4 c5 35. Ra6 Ke7 36. f4 c4 37. Ra7+ Kf6 38. Ra6 Ke7 39. Ra7+ Kd8
40. Ra6 cxb3 41. Rxd6+ Kc7 42. Ra6 b2 43. Rxa3 b1=Q 44. Rb3 Qxc2 45. Rxb5 Kc6
46. Re5 Rg1 47. Rg5 Kd6 48. h5 Qe2+ 0-1

[Event "5. Bayer Open"]
[Site "Leverkusen"]
[Date "2008.01.14"]
[Round "1"]
[White "Schüppen, Heinrich"]
[Black "Kayser, Manfred"]
[Result "1-0"]
[WhiteElo "1696"]
[BlackElo "1182"]
[PlyCount "72"]
[EventDate "2008.01.14"]
[EventType "swiss"]
[EventRounds "7"]
[EventCountry "GER"]
[Source "Birnkott,Manfre"]
[SourceDate "2008.04.23"]

1. d4 d5 2. Nf3 Nc6 3. c3 Nf6 4. Bg5 e6 5. e3 Be7 6. Bd3 Ne4 7. Bxe7 Nxe7 8.
Bxe4 dxe4 9. Ne5 b6 10. Nd2 Bb7 11. Qa4+ c6 12. Qc2 f6 13. Nec4 b5 14. Na3 f5
15. Qb3 Qc8 16. c4 a6 17. Rc1 Qd7 18. O-O O-O 19. cxb5 cxb5 20. Qd1 Nd5 21. Nb3
Qf7 22. Nc5 Bc8 23. Nc2 a5 24. a3 Qg6 25. f3 Nf6 26. fxe4 Nxe4 27. Nxe4 Bb7 28.
Ng3 Rf6 29. Ne1 Raf8 30. Rc7 Bd5 31. Qc2 Qg5 32. Rf4 Be4 33. Nxe4 fxe4 34. Qxe4
Rxf4 35. exf4 Qf6 36. Qe5 Qxe5 1-0

[Event "5. Bayer Open"]
[Site "Leverkusen"]
[Date "2008.01.14"]
[Round "1"]
[White "Liebsch, Felix"]
[Black "Witte, Thomas"]
[Result "0-1"]
[WhiteElo "1147"]
[BlackElo "1645"]
[PlyCount "78"]
[EventDate "2008.01.14"]
[EventType "swiss"]
[EventRounds "7"]
[EventCountry "GER"]
[Source "Birnkott,Manfre"]
[SourceDate "2008.04.23"]

1. e4 Nf6 2. Nc3 d5 3. exd5 Nxd5 4. Nxd5 Qxd5 5. Nf3 Bf5 6. d4 Qe4+ 7. Be2 Qxc2
8. Qxc2 Bxc2 9. O-O e6 10. Bf4 c6 11. Rac1 Bg6 12. Rfe1 Bb4 13. Red1 Nd7 14. a3
Be7 15. Re1 Nb6 16. Bc4 Nxc4 17. Rxc4 Rd8 18. b4 O-O 19. Re3 Rd5 20. Rb3 a6 21.
a4 Rfd8 22. b5 axb5 23. axb5 c5 24. Bc7 R8d7 25. Bb6 f6 26. h3 cxd4 27. Bxd4 h6
28. b6 Bf7 29. Rc7 e5 30. Rbc3 exd4 31. Rxd7 Rxd7 32. Rc7 Be8 33. Nxd4 Kf7 34.
Nf5 Rxc7 35. bxc7 Bd7 36. Nd4 Bc5 37. Nb5 Ke6 38. Kf1 Kd5 39. Ke2 Kc6 0-1

[Event "5. Bayer Open"]
[Site "Leverkusen"]
[Date "2008.01.14"]
[Round "1"]
[White "Huppertz, Andrea"]
[Black "Reiter, Ute"]
[Result "1-0"]
[WhiteElo "1719"]
[BlackElo "1119"]
[PlyCount "65"]
[EventDate "2008.01.14"]
[EventType "swiss"]
[EventRounds "7"]
[EventCountry "GER"]
[Source "Birnkott,Manfre"]
[SourceDate "2008.04.23"]

1. d4 e6 2. Bf4 d5 3. Nf3 Nc6 4. e3 a6 5. Nbd2 Bd7 6. c3 Nf6 7. h3 Be7 8. Bd3
Nh5 9. Bh2 g6 10. O-O O-O 11. Re1 Re8 12. e4 Bf8 13. Ne5 Nxe5 14. Bxe5 Bg7 15.
Nf3 Bc6 16. Bxg7 Nxg7 17. Ne5 Qg5 18. Qg4 Qf6 19. h4 h5 20. Qg5 Qxg5 21. hxg5
dxe4 22. Bxe4 Bxe4 23. Rxe4 Nf5 24. Nd7 Kg7 25. Nf6 Re7 26. Rae1 c6 27. Rf4 b5
28. Nxh5+ Kf8 29. Nf6 Nd6 30. Rh4 Rc7 31. Rh8+ Kg7 32. Rxa8 Nc8 33. Ne8+ 1-0

[Event "5. Bayer Open"]
[Site "Leverkusen"]
[Date "2008.01.14"]
[Round "1"]
[White "Teuber, Alfons"]
[Black "Karwatzki, Hans-Jürgen"]
[Result "0-1"]
[WhiteElo "1087"]
[BlackElo "1601"]
[PlyCount "76"]
[EventDate "2008.01.14"]
[EventType "swiss"]
[EventRounds "7"]
[EventCountry "GER"]
[Source "Birnkott,Manfre"]
[SourceDate "2008.04.23"]

1. e4 e5 2. Bc4 Nf6 3. d3 Bc5 4. Nc3 a6 5. Nf3 d6 6. Ng5 O-O 7. Nd5 c6 8. Nxf6+
Qxf6 9. Qf3 Nd7 10. O-O h6 11. Qxf6 Nxf6 12. Nf3 Bg4 13. Nd2 Nh5 14. Nb3 Ba7
15. Re1 b5 16. h3 Bd7 17. Na5 bxc4 18. Nxc4 Rad8 19. Be3 Bxe3 20. Rxe3 Be6 21.
Na5 c5 22. c4 Rb8 23. Rb1 f5 24. Nc6 Rb7 25. Na5 Rbf7 26. Rf3 Nf4 27. Kh2 g5
28. g3 g4 29. hxg4 fxg4 30. Re3 Nh3 31. Re2 Rxf2+ 32. Rxf2 Rxf2+ 33. Kh1 Rd2
34. Nb7 Rxd3 35. Kg2 Bxc4 36. b3 Rd2+ 37. Kh1 Bd3 38. Ra1 Bxe4# 0-1

[Event "5. Bayer Open"]
[Site "Leverkusen"]
[Date "2008.01.28"]
[Round "2"]
[White "Wulfken, Christof"]
[Black "Khanukov, Boris"]
[Result "1/2-1/2"]
[WhiteElo "1946"]
[BlackElo "2340"]
[PlyCount "96"]
[EventDate "2008.01.14"]
[EventType "swiss"]
[EventRounds "7"]
[EventCountry "GER"]
[Source "Birnkott,Manfre"]
[SourceDate "2008.04.23"]

1. d4 Nf6 2. Nf3 e6 3. Bf4 c5 4. e3 d5 5. c3 Be7 6. dxc5 Bxc5 7. Qc2 Nc6 8.
Nbd2 Qe7 9. Ne5 Bd6 10. Nxc6 bxc6 11. Bxd6 Qxd6 12. Rd1 O-O 13. Bd3 e5 14. e4
Bg4 15. f3 Be6 16. O-O Rab8 17. Kh1 g6 18. Rfe1 Qc7 19. b3 a5 20. exd5 cxd5 21.
c4 d4 22. Nf1 Nd7 23. f4 Bg4 24. Be2 Bf5 25. Bd3 {Weiß bietet Remis an.} Bxd3
26. Qxd3 Nc5 27. Qd2 e4 28. Ng3 f5 29. Qxd4 Rfd8 30. Qe3 Nd3 31. Rf1 a4 32. Rb1
Rb4 33. Ne2 Qb7 34. Nc1 Nxc1 35. Rfxc1 Rd3 36. Qc5 axb3 37. axb3 Rdxb3 38. Rxb3
Rxb3 39. h3 e3 40. Qd5+ Qxd5 41. cxd5 Rd3 42. Re1 Kf7 43. Kh2 g5 44. Kg3 Rd4
45. fxg5 Kg6 46. Kf3 f4 47. g3 fxg3 48. Kxg3 Kxg5 1/2-1/2

[Event "5. Bayer Open"]
[Site "Leverkusen"]
[Date "2008.01.28"]
[Round "2"]
[White "Rotstein, Jefim"]
[Black "Becker, Rainer"]
[Result "1-0"]
[WhiteElo "2296"]
[BlackElo "1979"]
[PlyCount "51"]
[EventDate "2008.01.14"]
[EventType "swiss"]
[EventRounds "7"]
[EventCountry "GER"]
[Source "Birnkott,Manfre"]
[SourceDate "2008.04.23"]

1. Nf3 Nc6 2. d4 d5 3. Bf4 Bf5 4. e3 e6 5. c4 Nb4 6. Na3 c5 7. cxd5 exd5 8.
Bb5+ Nc6 9. O-O a6 10. Bxc6+ bxc6 11. Qa4 Qb6 12. Rac1 c4 13. b3 cxb3 14. Rxc6
Bd7 15. Rxb6 Bxa4 16. axb3 Bxa3 17. bxa4 a5 18. Rfb1 Bb4 19. Ne5 Ne7 20. Nd3
O-O 21. Nxb4 axb4 22. R1xb4 Rfc8 23. Rb8 Nc6 24. Rxc8+ Rxc8 25. Rb5 f6 26. h4
1-0

[Event "5. Bayer Open"]
[Site "Leverkusen"]
[Date "2008.01.28"]
[Round "2"]
[White "Böhm, Stefan"]
[Black "Michalczak, Thomas"]
[Result "0-1"]
[WhiteElo "2010"]
[BlackElo "2294"]
[PlyCount "126"]
[EventDate "2008.01.14"]
[EventType "swiss"]
[EventRounds "7"]
[EventCountry "GER"]
[Source "Birnkott,Manfre"]
[SourceDate "2008.04.23"]

1. d4 Nf6 2. c4 c5 3. d5 b5 4. cxb5 a6 5. Nc3 axb5 6. e4 b4 7. Nb5 d6 8. Bc4
Nbd7 9. Nf3 Nb6 10. Bd3 Bg4 11. b3 g6 12. Bb2 Bg7 13. O-O O-O 14. h3 Bxf3 15.
Qxf3 Nbd7 16. Qe2 Qb6 17. Bc4 Nh5 18. Bxg7 Nxg7 19. f4 Rfb8 20. Qb2 Ra5 21. a4
bxa3 22. Nxa3 Nh5 23. Nc2 Ndf6 24. e5 Ne4 25. Ne3 Rxa1 26. Qxa1 Nd2 27. Rf2
Nxb3 28. Bxb3 Qxb3 29. Qa7 Rb7 30. Qa8+ Rb8 31. Qa7 Qb7 32. Qxb7 Rxb7 33. exd6
exd6 34. Nc4 Rb1+ 35. Kh2 Rd1 36. Nxd6 Rxd5 37. Ne4 f5 38. Ng5 h6 39. Ne6 Kf7
40. Nc7 Rd4 41. g3 Nf6 42. Nb5 Ne4 43. Ra2 Rd2+ 44. Rxd2 Nxd2 45. Kg2 Ke6 46.
g4 Kd5 47. gxf5 gxf5 48. Kf2 Ke4 49. Kg3 Nf1+ 50. Kf2 Ne3 51. Kg3 Nd5 52. Nd6+
Kd3 53. Nxf5 c4 54. Nh4 c3 55. Nf3 Ke4 56. Ne1 Nxf4 57. Nc2 Kf5 58. Ne3+ Ke4
59. Nc2 Nd5 60. Kh4 Kd3 61. Na3 Ne3 62. Kh5 Nc4 63. Nxc4 Kxc4 0-1

[Event "5. Bayer Open"]
[Site "Leverkusen"]
[Date "2008.01.28"]
[Round "2"]
[White "Cordts, Ingo"]
[Black "Buchkremer, Felix"]
[Result "1-0"]
[WhiteElo "2248"]
[BlackElo "2036"]
[PlyCount "47"]
[EventDate "2008.01.14"]
[EventType "swiss"]
[EventRounds "7"]
[EventCountry "GER"]
[Source "Birnkott,Manfre"]
[SourceDate "2008.04.23"]

1. Nf3 f5 2. d3 Nc6 3. e4 e5 4. Nc3 Nf6 5. exf5 d5 6. Nh4 Be7 7. g4 d4 8. g5
dxc3 9. gxf6 Bxf6 10. Qh5+ Kd7 11. Rg1 Qe8 12. Qf3 e4 13. dxe4 Qe5 14. Bf4 Qa5
15. O-O-O+ Ke7 16. e5 Nxe5 17. Bxe5 Qxe5 18. Bc4 Kf8 19. Rge1 Qc5 20. Qh5 g6
21. Nxg6+ Kg7 22. Rg1 Bxf5 23. Ne5+ Bg6 24. Rxg6+ 1-0

[Event "5. Bayer Open"]
[Site "Leverkusen"]
[Date "2008.01.28"]
[Round "2"]
[White "Gutt, Oswald"]
[Black "Mladenov, Svetlin"]
[Result "0-1"]
[WhiteElo "1874"]
[BlackElo "2299"]
[PlyCount "68"]
[EventDate "2008.01.14"]
[EventType "swiss"]
[EventRounds "7"]
[EventCountry "GER"]
[Source "Birnkott,Manfre"]
[SourceDate "2008.04.23"]

1. d4 Nf6 2. c4 e6 3. Nc3 c5 4. d5 exd5 5. cxd5 d6 6. e4 g6 7. f4 Bg7 8. Nf3
O-O 9. Be2 Re8 10. Nd2 Na6 11. O-O Nc7 12. a4 b6 13. Bf3 Rb8 14. Re1 h5 15. h3
Ng4 16. Nf1 Bd4+ 17. Be3 Nxe3 18. Nxe3 Qh4 19. f5 Qf4 20. Qd2 Bxf5 21. Qf2 Bxc3
22. bxc3 Bxe4 23. c4 Bxf3 24. Qxf3 Qxf3 25. gxf3 Re7 26. a5 bxa5 27. Rxa5 Rb3
28. Kf2 a6 29. Rxc5 dxc5 30. d6 Rd7 31. dxc7 Rxc7 32. Nd5 Ra7 33. Kg3 a5 34.
Kf4 Kg7 0-1

[Event "5. Bayer Open"]
[Site "Leverkusen"]
[Date "2008.01.28"]
[Round "2"]
[White "Balduan, Markus"]
[Black "Scharff, Klaus"]
[Result "1-0"]
[WhiteElo "2315"]
[BlackElo "1928"]
[PlyCount "77"]
[EventDate "2008.01.14"]
[EventType "swiss"]
[EventRounds "7"]
[EventCountry "GER"]
[Source "Birnkott,Manfre"]
[SourceDate "2008.04.23"]

1. d4 d6 2. e4 e6 3. f4 g6 4. Nf3 Bg7 5. Nc3 Ne7 6. Be3 a6 7. a4 Nd7 8. Qd2 c6
9. Be2 d5 10. e5 Qc7 11. O-O h5 12. b4 Bf8 13. Bf2 Nf5 14. Nd1 a5 15. bxa5 Rxa5
16. Ne3 Nxe3 17. Bxe3 b6 18. c4 dxc4 19. Bxc4 Ba6 20. Rfc1 Bxc4 21. Rxc4 Be7
22. Rac1 c5 23. dxc5 Nxc5 24. Qc2 O-O 25. Bd2 Raa8 26. a5 Rfc8 27. axb6 Qxb6
28. Be3 Rc7 29. Nd2 Ra5 30. Ne4 Qa7 31. Bxc5 Bxc5+ 32. Rxc5 Rcxc5 33. Nxc5 Ra2
34. Qd3 Ra3 35. Qd8+ Kg7 36. Qd7 Qb8 37. Nxe6+ Kh6 38. Qxf7 Ra7 39. Qf8+ 1-0

[Event "5. Bayer Open"]
[Site "Leverkusen"]
[Date "2008.01.28"]
[Round "2"]
[White "Speck, Stefan"]
[Black "Auer, Martin"]
[Result "0-1"]
[WhiteElo "1921"]
[BlackElo "2228"]
[PlyCount "68"]
[EventDate "2008.01.14"]
[EventType "swiss"]
[EventRounds "7"]
[EventCountry "GER"]
[Source "Birnkott,Manfre"]
[SourceDate "2008.04.23"]

1. d4 Nf6 2. Nf3 c5 3. c3 b6 4. Bg5 Bb7 5. e3 e6 6. Bd3 Be7 7. Nbd2 Nc6 8. O-O
cxd4 9. Bxf6 Bxf6 10. exd4 O-O 11. Ne4 Be7 12. Qe2 f5 13. Ned2 Qc7 14. Ne5 Bf6
15. Nxc6 Qxc6 16. f4 Rae8 17. Nf3 Re7 18. a4 Qc7 19. Ne5 g5 20. Ba6 Ba8 21. Qc4
Qd8 22. a5 gxf4 23. Nf3 Rg7 24. Rf2 Kh8 25. Qa4 Rfg8 26. Bf1 Bh4 27. Nxh4 Qxh4
28. d5 Bxd5 29. Qd4 Be4 30. axb6 axb6 31. Ra7 Qe7 32. Rd2 e5 33. Qa4 Qc5+ 34.
Kh1 f3 0-1

[Event "5. Bayer Open"]
[Site "Leverkusen"]
[Date "2008.01.28"]
[Round "2"]
[White "Ivic, Roman"]
[Black "Schimpf, Rolf"]
[Result "1-0"]
[WhiteElo "2060"]
[BlackElo "1811"]
[PlyCount "121"]
[EventDate "2008.01.14"]
[EventType "swiss"]
[EventRounds "7"]
[EventCountry "GER"]
[Source "Birnkott,Manfre"]
[SourceDate "2008.04.23"]

1. d4 f5 2. g3 Nf6 3. Bg2 g6 4. Nh3 Bg7 5. c4 d6 6. Nf4 Nc6 7. Nc3 O-O 8. h4 e5
9. dxe5 dxe5 10. Nfd5 Nd4 11. Bg5 c6 12. Nxf6+ Bxf6 13. Bh6 Bg7 14. Bxg7 Kxg7
15. Qd2 Qe7 16. O-O-O Rd8 17. Qe3 Qf6 18. f4 e4 19. g4 b6 20. h5 Ba6 21. g5 Qd6
22. hxg6 hxg6 23. Nd5 Nxe2+ 24. Qxe2 cxd5 25. Qf2 d4 26. b3 Rac8 27. Rh6 e3 $2
28. Qh4 Bxc4 29. Rh7+ Kf8 30. Qh6+ Ke8 31. Kb1 Bf7 32. Bf1 Ke7 33. Qg7 Rf8 34.
Rxd4 Qe6 35. Be2 Rc5 36. Rh1 Rd8 37. Rhd1 Rxd4 38. Rxd4 b5 39. Qh8 Be8 40. Qh1
Bc6 41. Qh7+ Qf7 42. Qh8 Rd5 43. Kc2 a6 44. Kd3 Rxd4+ 45. Qxd4 Qd5 46. Qxd5
Bxd5 47. Kxe3 Kd6 48. Kd4 Bc6 49. Bd3 Bd7 50. Bc2 Be6 51. Bd1 Bd5 52. a3 Be4
53. b4 Bd5 54. a4 Bc6 $2 55. axb5 axb5 56. Bb3 Be8 57. Bd5 Kd7 58. Kc5 Kc7 59.
Be6 Kb7 60. Kd6 Kb6 61. Bd5 1-0

[Event "5. Bayer Open"]
[Site "Leverkusen"]
[Date "2008.01.28"]
[Round "2"]
[White "Birnkott, Manfred"]
[Black "Weiler, Wolfgang"]
[Result "0-1"]
[WhiteElo "1944"]
[BlackElo "2170"]
[PlyCount "57"]
[EventDate "2008.01.14"]
[EventType "swiss"]
[EventRounds "7"]
[EventCountry "GER"]
[Source "Birnkott,Manfre"]
[SourceDate "2008.04.23"]

1. e4 c5 2. Nf3 d6 3. d4 Nf6 4. Nc3 cxd4 5. Nxd4 Nc6 6. Be2 e5 7. Nb3 a5 8. a4
Be6 9. Be3 Be7 10. O-O O-O 11. f3 Nb4 12. Bf2 Rc8 13. Rc1 Rxc3 14. bxc3 Na2 15.
Ra1 Nxc3 16. Qd2 Qc7 17. Rfc1 d5 18. exd5 Nfxd5 19. Qe1 Rd8 20. Bb5 Bg5 21. Nd2
Bd7 22. Kh1 Bxb5 23. axb5 b6 24. Bh4 Bxh4 25. Qxh4 f5 26. Qe1 Re8 27. Nb1 Qc5
28. Nxc3 Nxc3 29. Ra3 $4 0-1

[Event "5. Bayer Open"]
[Site "Leverkusen"]
[Date "2008.01.28"]
[Round "2"]
[White "Ljuboschiz, Alexander"]
[Black "Hobusch, Alexander"]
[Result "1/2-1/2"]
[WhiteElo "2141"]
[BlackElo "2041"]
[PlyCount "108"]
[EventDate "2008.01.14"]
[EventType "swiss"]
[EventRounds "7"]
[EventCountry "GER"]
[Source "Birnkott,Manfre"]
[SourceDate "2008.04.23"]

1. e4 e6 2. d4 d5 3. Nc3 Nf6 4. Bg5 Bb4 5. e5 h6 6. Bd2 Bxc3 7. Bxc3 Ne4 8. Ba5
b6 9. Bb4 Ba6 10. Bxa6 Nxa6 11. Ba3 c5 12. Ne2 cxd4 13. Qxd4 Qd7 14. c4 Rd8 15.
O-O Nec5 16. Nc3 dxc4 17. Qxc4 O-O 18. Rfd1 Qc7 19. b4 Nd3 20. Qxc7 Nxc7 21. b5
Nc5 22. Rd6 Rb8 23. Rad1 Rfc8 24. Bxc5 bxc5 25. a4 Nd5 26. Nxd5 exd5 27. R6xd5
c4 28. Rc1 c3 29. Rd3 Rc4 30. Rdxc3 Rxa4 31. Rc8+ Rxc8 32. Rxc8+ Kh7 33. g3 Rb4
34. Rb8 a5 35. Kg2 Rb3 36. h4 h5 37. f3 a4 38. b6 a3 39. Ra8 Rb2+ 40. Kh3 a2
41. b7 Rxb7 42. Rxa2 Rb3 43. Kg2 Kg6 44. Ra7 Rb2+ 45. Kg1 Rb1+ 46. Kf2 Rb2+ 47.
Ke3 Rb3+ 48. Ke4 Rb4+ 49. Kd5 Rb5+ 50. Kd4 Rb3 51. Ke4 Rb4+ 52. Kd3 Rb3+ 53.
Ke2 Rb2+ 54. Kf1 Rb1+ 1/2-1/2

[Event "5. Bayer Open"]
[Site "Leverkusen"]
[Date "2008.01.28"]
[Round "2"]
[White "Herrmann, Christoph"]
[Black "Negele, Michael"]
[Result "0-1"]
[WhiteElo "1842"]
[BlackElo "2118"]
[PlyCount "70"]
[EventDate "2008.01.14"]
[EventType "swiss"]
[EventRounds "7"]
[EventCountry "GER"]
[Source "Birnkott,Manfre"]
[SourceDate "2008.04.23"]

1. e4 e6 2. d4 d5 3. Nc3 Bb4 4. e5 c5 5. a3 Bxc3+ 6. bxc3 Ne7 7. Nf3 b6 8. Bd3
Ba6 9. O-O Bxd3 10. cxd3 Nd7 11. a4 O-O 12. Re1 Qc7 13. Ba3 Rfc8 14. Rc1 Qd8
15. Qb3 Nc6 16. Qb2 Na5 17. dxc5 Nxc5 18. Bxc5 Rxc5 19. Nd4 Qd7 20. Ra1 Rac8
21. Ra3 Qb7 22. Nb5 Qb8 23. Nd6 Rd8 24. f4 f6 25. g4 fxe5 26. fxe5 Rf8 27. Rf1
Rxf1+ 28. Kxf1 Nb7 29. Nxb7 Qxb7 30. Ke1 d4 31. c4 Rxe5+ 32. Kd1 Qh1+ 33. Kc2
Re2+ 34. Kb3 Rxb2+ 35. Kxb2 Qxh2+ 0-1

[Event "5. Bayer Open"]
[Site "Leverkusen"]
[Date "2008.01.28"]
[Round "2"]
[White "Schockenbäumer, Dirk"]
[Black "Bigott, Martin"]
[Result "1-0"]
[WhiteElo "2135"]
[BlackElo "1691"]
[PlyCount "59"]
[EventDate "2008.01.14"]
[EventType "swiss"]
[EventRounds "7"]
[EventCountry "GER"]
[Source "Birnkott,Manfre"]
[SourceDate "2008.04.23"]

1. e4 Nf6 2. e5 Nd5 3. d4 d6 4. c4 Nb6 5. f4 dxe5 6. fxe5 Nc6 7. Be3 g6 8. Nc3
Bg7 9. Be2 a5 10. Nf3 Bg4 11. O-O O-O 12. Qd2 a4 13. Rad1 Na5 14. c5 Nbc4 15.
Bxc4 Nxc4 16. Qe2 Nxe3 17. Qxe3 f6 18. e6 c6 19. d5 Qc8 20. h3 Bxf3 21. Rxf3 f5
22. d6 Qd8 23. dxe7 Qxe7 24. Rd7 Qf6 25. e7 Rfe8 26. Nxa4 Rxa4 27. Qb3+ Qf7 28.
Qxa4 Rxe7 29. Rd8+ Bf8 30. Qb3 1-0